Southville International School and Colleges
Your cart is empty.
  • Cart
  • Lists
    Public lists Eva Luna New books Lux_list list_1
    Your lists Log in to create your own lists
  • Log in to your account
  • Your cookies
  • Search history
Southville International School and Colleges
  • Advanced search
  • Recent comments
  • Most popular
  • Libraries

Log in to your account

Log in with GOOGLE


If you do not have an external account, but do have a local account, you can still log in:

  1. Home
  2. MARC view: Ultimate Mandarin Chinese :
Normal view MARC view ISBD view

Ultimate Mandarin Chinese : (Record no. 289031)

[ view plain ]
MARC details
000 -LEADER
fixed length control field 01215cam a2200337 a 4500
001 - CONTROL NUMBER
control field 13861664
003 - CONTROL NUMBER IDENTIFIER
control field PILC
005 - DATE AND TIME OF LATEST TRANSACTION
control field 20160105083112.0
008 - FIXED-LENGTH DATA ELEMENTS--GENERAL INFORMATION
fixed length control field 050204t20042000nyu 001 0 eng d
010 ## - LIBRARY OF CONGRESS CONTROL NUMBER
LC control number 2005295426
020 ## - INTERNATIONAL STANDARD BOOK NUMBER
International Standard Book Number 1400021022 (pbk.)
035 ## - SYSTEM CONTROL NUMBER
System control number (OCoLC)ocm56407709
040 ## - CATALOGING SOURCE
Original cataloging agency HT#
Transcribing agency HT#
Modifying agency IUL
-- DLC
042 ## - AUTHENTICATION CODE
Authentication code lccopycat
050 00 - LIBRARY OF CONGRESS CALL NUMBER
Classification number PL 1129.E5
Item number .H85 2004
082 00 - DEWEY DECIMAL CLASSIFICATION NUMBER
Classification number 495.1/82421
100 1# - MAIN ENTRY--PERSONAL NAME
Personal name Humphries, Jennifer.
245 10 - TITLE STATEMENT
Title Ultimate Mandarin Chinese :
Remainder of title basic-intermediate /
Statement of responsibility, etc written by Jennifer Humphries, Audrey Li, Cathy Wei ; edited by Christopher A. Warnasch
250 ## - EDITION STATEMENT
Edition statement Rev., updated ed.
260 ## - PUBLICATION, DISTRIBUTION, ETC. (IMPRINT)
Place of publication, distribution, etc New York :
Name of publisher, distributor, etc Living Language,
Date of publication, distribution, etc 2000.
300 ## - PHYSICAL DESCRIPTION
Extent xix, 393 pages ;
Dimensions 23 cm.
500 ## - GENERAL NOTE
General note Includes index.
650 #0 - SUBJECT ADDED ENTRY--TOPICAL TERM
Topical term or geographic name as entry element Chinese language
Form subdivision Textbooks for foreign speakers
General subdivision English.
700 1# - ADDED ENTRY--PERSONAL NAME
Personal name Li, Yen-hui Audrey,
Dates associated with a name 1954-
700 1# - ADDED ENTRY--PERSONAL NAME
Personal name Wei, Cathy.
700 1# - ADDED ENTRY--PERSONAL NAME
Personal name Warnasch, Christopher A.
856 42 - ELECTRONIC LOCATION AND ACCESS
Materials specified Publisher description
Uniform Resource Identifier <a href="http://www.loc.gov/catdir/enhancements/fy0810/2005295426-d.html">http://www.loc.gov/catdir/enhancements/fy0810/2005295426-d.html</a>
906 ## - LOCAL DATA ELEMENT F, LDF (RLIN)
a 7
b cbc
c copycat
d 2
e ncip
f 20
g y-gencatlg
942 ## - ADDED ENTRY ELEMENTS (KOHA)
Source of classification or shelving scheme Library of Congress Classification
Koha item type Books
Call number prefix Foreign
Holdings
Withdrawn status Lost status Source of classification or shelving scheme Damaged status Home library Current library Shelving location Date acquired Source of acquisition Sub Shelving location Total Checkouts Full call number Barcode Date last seen Price effective from Koha item type
    Library of Congress Classification   College Library College Library General Circulation Section 01/05/2016 Donation     PL 1129.E5 .H85 2004 C20337 05/15/2018 01/05/2016 Books

Ultimate Mandarin Chinese :

APA

Humphries J., Li Y. A., Wei C. & Warnasch C. A. (2000). Ultimate Mandarin Chinese. New York: Living Language.

Chicago

Humphries Jennifer, Li Yen-hui Audrey, Wei Cathy and Warnasch Christopher A. 2000. Ultimate Mandarin Chinese. New York: Living Language.

Harvard

Humphries J., Li Y. A., Wei C. and Warnasch C. A. (2000). Ultimate Mandarin Chinese. New York: Living Language.

MLA

Humphries Jennifer, Li Yen-hui Audrey, Wei Cathy and Warnasch Christopher A. Ultimate Mandarin Chinese. New York: Living Language. 2000.

  • Place hold
  • Print
  • Cite
  • Add to your cart (remove)
  • Save record
    BIBTEX Dublin Core MARCXML MARC (non-Unicode/MARC-8) MARC (Unicode/UTF-8) MARC (Unicode/UTF-8, Standard) MODS (XML) RIS
  • More searches
    Search for this title in:
    Other Libraries (WorldCat) Other Databases (Google Scholar) Online Stores (Bookfinder.com) Open Library (openlibrary.org)

Exporting to Dublin Core...

SOUTHVILLE LIBRARY

Southville International School and Colleges Library

1281 Tropical Ave. Cor. Luxembourg St., BF Homes International, Las Pinas City

Tel. No. 8256374 / 252358 Loc. 117/146

Powered by Koha